Online
Catalog

Matemáticas financieras / (Record no. 7180)

MARC details
000 -CABECERA
campo de control de longitud fija 01708nam a2200325 i 4500
001 - NÚMERO DE CONTROL
campo de control 000007399
003 - IDENTIFICADOR DEL NÚMERO DE CONTROL
campo de control DO-SdBNP
005 - FECHA Y HORA DE LA ÚLTIMA TRANSACCIÓN
campo de control 20251120073731.0
007 - CAMPO FIJO DE DESCRIPCIÓN FÍSICA--INFORMACIÓN GENERAL
campo de control de longitud fija ta
008 - DATOS DE LONGITUD FIJA--INFORMACIÓN GENERAL
campo de control de longitud fija 090908s1982 dr r 001 0 spa d
040 ## - FUENTE DE LA CATALOGACIÓN
Centro catalogador/agencia de origen DO-SdBNP
Lengua de catalogación spa
Centro/agencia transcriptor BNPHU
Normas de descripción rda
082 #4 - NÚMERO DE LA CLASIFICACIÓN DECIMAL DEWEY
Número de clasificación 510.2433
Número de documento/Ítem L865m, 1982
Número de edición 22
100 1# - ENTRADA PRINCIPAL--NOMBRE DE PERSONA
Nombre de persona Lora, Ricardo,
9 (RLIN) 11771
Término indicativo de función/relación autor
245 10 - MENCIÓN DE TÍTULO
Título Matemáticas financieras /
Mención de responsabilidad, etc. Ricardo Lora ; prólogo, Ramón Jiménez Rojas.
250 ## - MENCIÓN DE EDICIÓN
Mención de edición 3a. ed.
264 ## - PRODUCCIÓN, PUBLICACIÓN, DISTRIBUCIÓN, FABRICACIÓN Y COPYRIGHT
Producción, publicación, distribución, fabricación y copyright Santiago de los Caballeros, República Dominicana :
Nombre del de productor, editor, distribuidor, fabricante UCMM,
Fecha de producción, publicación, distribución, fabricación o copyright 1982.
300 ## - DESCRIPCIÓN FÍSICA
Extensión 264 páginas :
Otras características físicas ilustraciones ;
Dimensiones 23 cm.
336 ## - TIPO DE CONTENIDO
Fuente rdacontent
Término de tipo de contenido texto
Código de tipo de contenido n
337 ## - TIPO DE MEDIO
Fuente rdamedia
Nombre/término del tipo de medio sin mediación
Código del tipo de medio n
338 ## - TIPO DE SOPORTE
Fuente rdacarrier
Nombre/término del tipo de soporte volumen
Código del tipo de soporte nc
490 ## - MENCIÓN DE SERIE
Mención de serie Textos
Designación de volumen o secuencia 41
505 0# - NOTA DE CONTENIDO CON FORMATO
Nota de contenido con formato Dedicatoria--
Título Prólogo a la tercera edición--
-- Prólogo a la segunda edición--
-- Lista de tablas--
-- Introducción--
-- Los números. Repaso de algunas operaciones --
-- Exponentes. Logaritmos; concepto, tabla y su uso --
-- Algunas nociones de estadística --
-- Depreciación --
-- Descuento comercial --
-- Calculo de precios y beneficio --
-- Interés simple --
-- Valor actual u descuento bancario --
-- Interés compuesto --
-- Anualidades vencidas u ordinarias --
-- Anualidades anticipadas y diferidas --
-- Amortización --
-- Bonos. Algunas operaciones --
-- Caso general de las anualidades ciertas.
590 ## - NOTA LOCAL (RLIN)
Nota local Inventariado, 2018/BT
650 #4 - PUNTO DE ACCESO ADICIONAL DE MATERIA--TÉRMINO DE MATERIA
Término de materia o nombre geográfico como elemento de entrada Matemáticas financieras
Subdivisión general Enseñanzas
9 (RLIN) 11772
650 #4 - PUNTO DE ACCESO ADICIONAL DE MATERIA--TÉRMINO DE MATERIA
Término de materia o nombre geográfico como elemento de entrada Matemáticas financieras
Subdivisión general Problemas, ejercicios, etc.
9 (RLIN) 7100
700 12 - PUNTO DE ACCESO ADICIONAL--NOMBRE DE PERSONA
Nombre de persona Jiménez Rojas, Ramón,
Término indicativo de función/relación prólogo
9 (RLIN) 20560
710 22 - PUNTO DE ACCESO ADICIONAL--NOMBRE DE ENTIDAD CORPORATIVA
Nombre de entidad corporativa o nombre de jurisdicción como elemento de entrada Pontificia Universidad Católica Madre y Maestra
9 (RLIN) 843
910 ## - DATOS DE OPCIÓN DEL USUARIO (OCLC)
Datos de opción del usuario Validado. Control de caliad. MFF
942 ## - ELEMENTOS DE PUNTO DE ACCESO ADICIONAL (KOHA)
Fuente del sistema de clasificación o colocación Dewey Decimal Classification
Tipo de ítem Koha Libro
Holdings
Estado de retiro Estado de pérdida Fuente del sistema de clasificación o colocación Restricciones de uso No para préstamo Código de colección Localización permanente Ubicación/localización actual Ubicación en estantería Fecha de adquisición Total de préstamos Signatura topográfica completa Código de barras Fecha visto por última vez Número de copia Precio válido a partir de Tipo de ítem Koha Fuente de adquisición
    Dewey Decimal Classification Préstamo en sala   Dominicana de Servicio Biblioteca Nacional Pedro Henríquez Ureña Biblioteca Nacional Pedro Henríquez Ureña Depósito 27.01.2011   BNPHU DS 510.2433 L865m 1982 7399-30 25.06.2020 e. 3 25.06.2020 Libro  
    Dewey Decimal Classification Préstamo en sala   Dominicana de Servicio Biblioteca Nacional Pedro Henríquez Ureña Biblioteca Nacional Pedro Henríquez Ureña Depósito 08.05.2013   BNPHU DS 510.2433 L865m 1982 7399-40 25.06.2020 e. 4 25.06.2020 Libro Donado por Salvador Durán
    Dewey Decimal Classification Excluido de préstamo   Patrimonio Dominicano Biblioteca Nacional Pedro Henríquez Ureña Biblioteca Nacional Pedro Henríquez Ureña Depósito 08.09.2009   BNPHU PD 510.2433 L865m 1982 7399-10 25.06.2020   25.06.2020 Libro  
    Dewey Decimal Classification Excluido de préstamo   Patrimonio Dominicano Biblioteca Nacional Pedro Henríquez Ureña Biblioteca Nacional Pedro Henríquez Ureña Depósito 27.01.2011   BNPHU PD 510.2433 L865m 1982 7399-20 25.06.2020 e. 2 25.06.2020 Libro  

Powered by Koha